000 00459nam a22001337a 4500
008 150226b xxu||||| |||| 00| 0 eng d
020 _a9781580460521
050 _aBL2470.N5 F35 1998
100 _aFalola, Toyin
_915585
245 _aViolence in Nigeria:
_bthe crisis of religious politics and secular ideologies
_c/ by Toyin Falola
260 _aNew York
_bUniversity of Rochester Press
_c1998
300 _axv, 386p. ;
_c23cm.
942 _2lcc
_cMONOGRAPH
_02
999 _c122214
_d122214